| 000 | 00980nam a22002417a 4500 | ||
|---|---|---|---|
| 003 | OSt | ||
| 005 | 20260128092810.0 | ||
| 008 | 210813b ||||| |||| 00| 0 eng d | ||
| 040 | _cOSt | ||
| 041 | _ashan | ||
| 082 | _a959.195919 | ||
| 100 |
_aၵဵတ်ႇ _cလုင်း _937823 |
||
| 245 |
_aပိုၼ်းတႆးၵူႈၶိူဝ်းၶိူဝ်း _cလုင်းၵဵတ်ႇ (Mr. Golt) |
||
| 260 |
_a[ဢမ်ႇပႃးဝဵင်း] _b[ဢမ်ႇပႃးတီႈ] _c1987 |
||
| 300 |
_a(ဢ)၊ 355 ၼႃႈ _bပႃးႁၢင်း၊ ႁၢင်ႈၽႅၼ်ႇလိၼ် _c18 ၸိၼ်ႇထီႇ |
||
| 500 | _a S-SAT: Dr. Prof Sai Aung Tun | ||
| 501 | _aပႃးၽိုၼ်ဢိင် | ||
| 650 |
_aပိုၼ်းတႆး _920580 |
||
| 710 |
_aၸၢႆးၸိူင်းမၢဝ်း (ၼမ်ႉၶမ်း) ပိၼ်ႇတႅမ်ႈ- _937824 |
||
| 942 | _cBK | ||
| 942 | _2ddc | ||
| 942 | _2ddc | ||
| 999 |
_c6214 _d6214 |
||